[Event "Trento op"]
[Site "Trento"]
[Date "2008.03.29"]
[Round "2"]
[White "Masini, Michele"]
[Black "Apuzzo, Stefano"]
[Result "0-1"]
[WhiteElo "1398"]
[BlackElo "1563"]
[PlyCount "72"]
[EventDate "2008.03.28"]
[EventType "swiss"]
[EventRounds "5"]
[EventCountry "ITA"]
[SourceTitle "EXT 2011"]
[Source "ChessBase"]
[SourceDate "2010.11.26"]
[SourceVersion "1"]
[SourceVersionDate "2010.11.26"]
[SourceQuality "1"]

1. d4 d6 2. c4 g6 3. Nc3 Bg7 4. e4 Nf6 5. Be3 Nbd7 6. Qd2 e5 7. d5 a5 8. Bh6 0-0 9. Bxg7 Kxg7 10. Bd3 Nc5 11. 0-0-0 Nxd3+ 12. Qxd3 Ng4 13. Qe2 f5 14. f3 Qg5+ 15. Kb1 Ne3 16. h4 Qxg2 17. Qxg2 Nxg2 18. Nge2 Ne3 19. Rdg1 Nxc4 20. Kc2 fxe4 21. fxe4 Bd7 22. h5 Ne3+ 23. Kc1 Ng4 24. hxg6 hxg6 25. Kd2 Rh8 26. Nb1 Rxh1 27. Rxh1 Nf2 28. Rg1 Nxe4+ 29. Ke3 Nc5 30. Nec3 Rh8 31. Rg2 Bf5 32. Na3 Rh3+ 33. Kd2 Nd3 34. b3 Nf4 35. Rf2 Rd3+ 36. Kc2 Rf3+ 0-1